UEFA Euro Tournament Logos - Statistics

General Stats
  • This quiz has been taken 11 times
  • The average score is 13 of 18
Answer Stats
Picture Answer % Correct
France 2016
100%
West Germany 1988
100%
Belgium/Netherlands 2000
88%
Italy 1980
88%
Spain 1964
88%
Sweden 1992
88%
Austria/Switzerland 2008
75%
Belgium 1972
75%
Yugoslavia 1976
75%
Europe 2020
63%
France 1984
63%
Germany 2024
63%
Italy 1968
63%
Poland/Ukraine 2012
63%
Portugal 2004
63%
France 1960
50%
England 1996
38%
UK/Ireland 2028
38%
No matching quizzes found
Score Distribution
Percent of People with Each Score
Percentile by Number Answered
Your Score History
You have not taken this quiz